|
|
|
|
| LEADER |
03587nam a22005055i 4500 |
| 001 |
978-0-387-36747-7 |
| 003 |
DE-He213 |
| 005 |
20151204144136.0 |
| 007 |
cr nn 008mamaa |
| 008 |
100301s2006 xxu| s |||| 0|eng d |
| 020 |
|
|
|a 9780387367477
|9 978-0-387-36747-7
|
| 024 |
7 |
|
|a 10.1007/0-387-36747-0
|2 doi
|
| 040 |
|
|
|d GrThAP
|
| 050 |
|
4 |
|a QH345
|
| 050 |
|
4 |
|a QD415-436
|
| 072 |
|
7 |
|a PSB
|2 bicssc
|
| 072 |
|
7 |
|a SCI007000
|2 bisacsh
|
| 082 |
0 |
4 |
|a 572
|2 23
|
| 100 |
1 |
|
|a Eisenhaber, Frank.
|e author.
|
| 245 |
1 |
0 |
|a Discovering Biomolecular Mechanisms with Computational Biology
|h [electronic resource] /
|c by Frank Eisenhaber.
|
| 264 |
|
1 |
|a Boston, MA :
|b Springer US,
|c 2006.
|
| 300 |
|
|
|a XI, 147 p. 42 illus., 1 illus. in color.
|b online resource.
|
| 336 |
|
|
|a text
|b txt
|2 rdacontent
|
| 337 |
|
|
|a computer
|b c
|2 rdamedia
|
| 338 |
|
|
|a online resource
|b cr
|2 rdacarrier
|
| 347 |
|
|
|a text file
|b PDF
|2 rda
|
| 490 |
1 |
|
|a Molecular Biology Intelligence Unit
|
| 505 |
0 |
|
|a Prediction of Post-translational modifications from amino acid sequence: Problems, pitfalls, methodological hints -- Deriving Biological Function of Genome Information with Biomolecular Sequence and Structure Analysis -- Reliable and Specific Protein Function Prediction by Combining Homology with Genomic(s) Context -- Clues from Three-Dimensional Structure Analysis and Molecular Modelling -- Prediction of Protein Function -- Complementing Biomolecular Sequence Analysis with Text Mining in Scientific Articles -- Extracting Information for Meaningful Function Inference through Text-Mining -- Literature and Genome Data Mining for Prioritizing Disease-Associated Genes -- Mechanistic Predictions from the Analysis of Biomolecular Networks -- Model-Based Inference of Transcriptional Regulatory Mechanisms from DNA Microarray Data -- The Predictive Power of Molecular Network Modelling -- Mechanistic Predictions from the Analysis of Biomolecular Sequence Populations: Considering Evolution for Function Prediction -- Theory of Early Molecular Evolution -- Hitchhiking Mapping -- Understanding the Functional Importance of Human Single Nucleotide Polymorphisms -- Correlations between Quantitative Measures of Genome Evolution, Expression and Function.
|
| 520 |
|
|
|a In this anthology, leading researchers present critical reviews of methods and high-impact applications in computational biology that lead to results that also non-bioinformaticians must know to design efficient experimental research plans. Discovering Biomolecular Mechanisms with Computational Biology also summarizes non-trivial theoretical predictions for regulatory and metabolic networks that have received experimental confirmation. Discovering Biomolecular Mechanisms with Computational Biology is essential reading for life science researchers and higher-level students that work on biomolecular mechanisms and wish to understand the impact of computational biology for their success.
|
| 650 |
|
0 |
|a Life sciences.
|
| 650 |
|
0 |
|a Medical microbiology.
|
| 650 |
|
0 |
|a Molecular biology.
|
| 650 |
|
0 |
|a Biochemistry.
|
| 650 |
1 |
4 |
|a Life Sciences.
|
| 650 |
2 |
4 |
|a Biochemistry, general.
|
| 650 |
2 |
4 |
|a Biomedicine general.
|
| 650 |
2 |
4 |
|a Molecular Medicine.
|
| 650 |
2 |
4 |
|a Medical Microbiology.
|
| 710 |
2 |
|
|a SpringerLink (Online service)
|
| 773 |
0 |
|
|t Springer eBooks
|
| 776 |
0 |
8 |
|i Printed edition:
|z 9780387345277
|
| 830 |
|
0 |
|a Molecular Biology Intelligence Unit
|
| 856 |
4 |
0 |
|u http://dx.doi.org/10.1007/0-387-36747-0
|z Full Text via HEAL-Link
|
| 912 |
|
|
|a ZDB-2-SBL
|
| 950 |
|
|
|a Biomedical and Life Sciences (Springer-11642)
|